Movies Quiz

Random Movies or Actor Quiz
Score 0/20 Timer 05:00
4 Plays Today
% Correct
Count Dracula
95.4%
Happy Gilmore
93.5%
Robbie Hart
92.4%
Jack|Jill Sadelstein
90.8%
Paul Crewe
90%
Henry Roth
89.2%
Bobby Boucher, Jr.
88.5%
Zohan Dvir
88.2%
Nicky
86.2%
Billy Madison
83.6%
% Correct
Donald
The Capuchin
80%
White Knife
77.1%
Skeeter Bronson
76.7%
Chuck Levine
76.2%
George Simmons
75.8%
Pip
73.1%
Donny Berger
70.9%
Charlie Fineman
68.9%
Barry Egan
61.4%
Michael Newman
49.6%
Remove Ads.
Support Sporcle.
Get the best of Sporcle when you Go Orange. This ad-free experience offers more features, more stats, and more fun while also helping to support Sporcle. Thank you for becoming a member.

You're not logged in!

Compare scores with friends on all Sporcle quizzes.
OR
Log In

Show Comments

Extras

Top Quizzes Today


Score Distribution

Your Account Isn't Verified!

In order to create a playlist on Sporcle, you need to verify the email address you used during registration. Go to your Sporcle Settings to finish the process.

Report this User

Report this user for behavior that violates our Community Guidelines.

Details: